000 01410nam0a2200277 4500
001 RU\NLR\b_ik\96311
005 20260406124927.0
035 _a(NLR Aleph) 002170276
090 _a2644996
_c2644996
100 _a20030402d2001 |||y0rusy50 ca
101 0 _aeng
102 _aRU
105 _aa |||||||||
200 1 _aAnnual report [of] Bogoliubov laboratory of theoretical physics
_eRep. to the 91st Sess. of the JINR Sci. council Jan. 17-18, 2002
_fA.T. Filippov
210 _aDubna
_cJoint inst. for nuclear research
_d2001
215 _a16 c.
_d21
225 1 _aJoint institute for nuclear research
_v2001-276
601 0 2 _aОбъединенный институт ядерных исследований
_bЛаборатория теоретической физики им. Н.Н.Боголюбова
_cДубна, город; Московская область
_xНаучно-исследовательская работа
_92084263
_3RU\NLR\AUTH\661260346
686 4 _aВ31е(2)л2-15
700 1 _aFilippov
_bA. T.
_gAleksandr Tichonovič
_4070
712 0 2 _4570
_8eng
_aJoint institute for nuclear research
_cDubna
_bBogoliubov laboratory of theoretical physics
_7ba
_3RU\NLR\AUTH\8817953
_9309136
801 0 _aRU
_bNLR
_c20030402
_gPSBO
830 _aОтчет Боголюбовской лаборатории теоретической физики.
942 _cBOOK
980 _aNB